000 00390 a2200169 4500
001 183341
020 _a85-322-0112-1
040 _cMagnum
100 _aStaifel, Ronald
240 1 0 _aPelos caminhos das ciências e saúde 2
_lpor
245 1 0 _aPelos caminhos das ciências e saúde 2
300 _a111
362 0 _a1989
440 1 _aFTD
697 _aCIÊNCIAS PURAS
942 _cBK
999 _c183341
_d183341